NBA Current Dream Starting Lineup - Statistics

General Stats
  • This quiz has been taken 117 times
  • The average score is 4 of 6
Answer Stats
Position Player % Correct
SF LeBron James
97%
PG Stephen Curry
93%
PF Kevin Durant
80%
C Anthony Davis
67%
Coach Gregg Popovich
61%
SG Kawhi Leonard
47%
No matching quizzes found
Score Distribution
Percent of People with Each Score
Percentile by Number Answered
Your Score History
You have not taken this quiz